00407 2200157 4500001002100000008004100021035002000062245004400082100001700126260002800143300002200171020002200193084001400215082000800229990001200237INLIS000000000002871 IND  a0010-0925000218 aIbu Mealaikat Tanpa SayapcFara Divanti aFara Divanti aJakartabEuthaniac2017 a156c(13 x 19 cm) a978-602-398-031-4 a813 FAR i a813 a0755093